[Event "IND-ch U13"]
[Site "Gujarath"]
[Date "2016.07.29"]
[Round "10"]
[White "Aditya, Basu"]
[Black "Parikh, Kairav"]
[Result "1-0"]
[WhiteElo "2080"]
[BlackElo "1747"]
[PlyCount "70"]
[EventDate "2016.07.22"]
[EventType "swiss"]
[EventRounds "11"]
[EventCountry "IND"]
[SourceTitle "EXT 2017"]
[Source "ChessBase"]
[SourceDate "2016.10.25"]
[SourceVersion "1"]
[SourceVersionDate "2016.10.25"]
[SourceQuality "1"]

1. d4 Nf6 2. Bf4 b6 3. e3 e6 4. Nd2 Ba6 5. Bxa6 Nxa6 6. c3 Be7 7. b3 Nb8 8. Ngf3 0-0 9. Qe2 d6 10. 0-0 Nbd7 11. e4 d5 12. e5 Ne8 13. c4 c6 14. cxd5 cxd5 15. Rfc1 Rc8 16. Qa6 Rc7 17. Nf1 Nb8 18. Qd3 Nc6 19. a3 h6 20. b4 Qd7 21. Rc2 a5 22. b5 Na7 23. a4 Rxc2 24. Qxc2 Nc7 25. Rc1 Rc8 26. Qb2 Bb4 27. Ne1 Na8 28. Nd3 Be7 29. Rxc8+ Nxc8 30. Bd2 Qc7 31. Ne3 h5 32. f4 g6 33. Qb1 Qd7 34. Qd1 Bf8 35. g4 hxg4 1-0

[Event "IND-ch U13 29th"]
[Site "Gurgaon"]
[Date "2015.08.31"]
[Round "3"]
[White "Erigaisi, Arjun Kumar"]
[Black "Parikh, Kairav"]
[Result "1-0"]
[WhiteElo "2130"]
[BlackElo "1711"]
[PlyCount "99"]
[EventDate "2015.08.30"]
[EventType "swiss"]
[EventRounds "11"]
[EventCountry "IND"]
[SourceTitle "EXT 2016"]
[Source "ChessBase"]
[SourceDate "2015.10.08"]
[SourceVersion "1"]
[SourceVersionDate "2015.10.08"]
[SourceQuality "1"]

1. d4 Nf6 2. Nf3 b6 3. g3 e6 4. Bg2 Bb7 5. 0-0 d6 6. c4 Nbd7 7. Nc3 Be7 8. Re1 d5 9. Ne5 0-0 10. Bf4 Rc8 11. Qa4 Nxe5 12. dxe5 Ne4 13. Nxe4 dxe4 14. Qc2 Bc5 15. Bxe4 Bxe4 16. Qxe4 Qd4 17. Qxd4 Bxd4 18. Rab1 Rfd8 19. Red1 h6 20. h4 Bc5 21. Kf1 Kf8 22. Rd3 Rd4 23. b3 Rcd8 24. Rbd1 Ke8 25. Be3 Rxd3 26. exd3 Bd4 27. Bxd4 Rxd4 28. Ke2 c5 29. Ke3 Kd7 30. f4 Kc6 31. a4 a5 32. h5 Kd7 33. Re1 Ke7 34. Kd2 Kf8 35. Re4 Rxe4 36. dxe4 Ke7 37. Ke3 g6 38. Kf3 gxh5 39. Kg2 Kf8 40. Kh3 Kg7 41. f5 h4 42. Kxh4 Kh7 43. Kh5 Kg7 44. f6+ Kh7 45. g4 Kg8 46. Kxh6 Kh8 47. g5 Kg8 48. g6 b5 49. axb5 a4 50. b6 1-0

[Event "IND-ch U11"]
[Site "Odisha"]
[Date "2014.07.29"]
[Round "8"]
[White "Raahul, VS."]
[Black "Parikh, Kairav"]
[Result "1/2-1/2"]
[WhiteElo "1739"]
[BlackElo "1515"]
[PlyCount "53"]
[EventDate "2014.07.24"]
[EventType "swiss"]
[EventRounds "11"]
[EventCountry "IND"]
[SourceTitle "CBM 161 Extra"]
[Source "ChessBase"]
[SourceDate "2014.08.29"]
[SourceVersion "1"]
[SourceVersionDate "2014.08.29"]
[SourceQuality "1"]

1. c4 Nf6 2. Nf3 g6 3. g3 Bg7 4. Bg2 0-0 5. 0-0 d6 6. Nc3 Nbd7 7. d4 c6 8. e4 e5 9. d5 Nc5 10. Qc2 Qc7 11. Be3 a5 12. Rfd1 Rd8 13. Nxe5 cxd5 14. cxd5 Ncxe4 15. Nxf7 Nxf2 16. Nxd8 Nxd1 17. Rxd1 Qxd8 18. Qb3 Bg4 19. Re1 Qd7 20. Qb5 Bh3 21. Qxd7 Bxd7 22. Bf4 Re8 23. Rf1 Ng4 24. Ne4 Be5 25. Bxe5 Rxe5 26. Nxd6 Ne3 27. Re1 1/2-1/2